| 000 | 00680nam a2200217Ia 4500 | ||
|---|---|---|---|
| 001 | 17845 | ||
| 003 | GE_BSU | ||
| 008 | 181216s||||||||xx |||||||||||||| ||und|| | ||
| 040 | _cGE_BSU | ||
| 080 | _a621.3.027(075.8) | ||
| 100 | _aФедченко,И.К. | ||
| 245 | _aТехника высоких напряжений. | ||
| 245 | _bУчебное пособие. | ||
| 245 | _cРед. М.Г.писаренко, Л.Н.Чмиль. | ||
| 260 | _aКиев. | ||
| 260 | _bВища школа. | ||
| 260 | _c1969. | ||
| 300 | _a544 стр. с илл. 22 см. Библиогр.: стр. 315-318. | ||
| 653 | _aТехника высоких напряжений. | ||
| 942 | _cBK | ||
| 999 |
_c50890 _d50890 |
||